000 004810000a22001210004500
090 _aAS
_bSeriadas
245 1 0 _aNueva especie de Zamia L. (Zamiaceae) de los Andes de Colombia y clave actualizada para las especies del género en Colombia
041 0 _aEspañol
700 1 _aStevenson, Dennis Wm.
_999800
100 1 _aCalderón Sáenz, Eduardo
_93427
942 _cARTICULO
773 1 _tRevista de Academia Colombiana de Ciencias Exactas, Físicas y Naturales
_h105
_q485-490
_d2003
_g27
999 _c15534
_d15534